Missing Word: Mystery Actresses II Quiz Stats

 Plays Quiz Updated Jun 30, 2012

Support Sporcle.
Go Orange.
Score 0/20 Timer 02:00
1 Play Today
Missing Word % Correct
Angels
96.8%
Alice
96.1%
Prada
95.7%
Dates
95.1%
Wedding
88.8%
Terrestrial
88.5%
Drew Barrymore
84.5%
Julia
82.3%
Princess
80.6%
Sensibility
79.9%
Missing Word % Correct
Love
78.9%
Anne Hathaway
72.9%
Meryl Streep
72.2%
Out
70.8%
Finding
70.2%
Death
68%
Spotless
66.8%
Road
57.5%
Deer
57.3%
Kate Winslet
50.9%

Today's Daily Dose

Word Ladder
ING Words

Get the Picture
Nearest Volcano

From the Vault

Romance Movies (A-Z)

by awesomeness365

Movies 7m
These movies haven't lost that loving feeling.
Remove Ads.
Support Sporcle.
Get the best of Sporcle when you Go Orange. This ad-free experience offers more features, more stats, and more fun while also helping to support Sporcle. Thank you for becoming a member.

Show Comments

Extras

Top Quizzes Today


Score Distribution

Your Account Isn't Verified!

In order to create a playlist on Sporcle, you need to verify the email address you used during registration. Go to your Sporcle Settings to finish the process.

Report this User

Report this user for behavior that violates our Community Guidelines.

Details: